| 000 | 00622nam a2200253 a 4500 | ||
|---|---|---|---|
| 001 | 000045339 | ||
| 003 | DO-SdBNP | ||
| 005 | 20220921091806.0 | ||
| 007 | ta | ||
| 008 | 150304s2007 dr ac 000 0 spa d | ||
| 040 |
_aDO-SdBNP _bspa _cBNPHU |
||
| 082 |
_axxxx _bB891 |
||
| 100 | _973366 | ||
| 245 | 1 | 0 | _aBrugal 1888 : |
| 246 | 1 | _aIntraredbrugal visión futurista interna de la empresa | |
| 250 | _a2a. ed. | ||
| 260 |
_aSanto Domingo : _bBrugal, _c2007 |
||
| 300 |
_a30 p. : _bil., ; _c30 cm. |
||
| 590 | _aInventariado, 2022 / DG | ||
| 700 | _924277 | ||
| 830 | _973367 | ||
| 910 | _aDG | ||
| 942 |
_2ddc _cLF2 |
||
| 999 |
_c52433 _d52433 |
||